000 00487nam a2200193 a 4500
001 1774865108406
003 YourLibrary
005 20260330153909.0
008 260330s2004##################000#0#eng##
020 _a9780761949718
082 0 4 _a361.3072
_bDCR
100 1 _aD'Cruz, Heather,
_eauthor.
245 1 0 _aSocial Work Research :
260 _bSAGE,
_c2004.
300 _a218 pages
650 0 _aSocial Science.
942 _cENGLISH
040 _aYourLibrary
_beng
_cYourLibrary
999 _c618441
_d618441